00341nam a2200133Ia 4500008004100000041000800041082001400049100001800063245004500081250001400126260002700140300003100167365000900198240624s9999 xx 000 0 und d aeng a302.3 ACU aACUFF FRANK L aHOW TO NEGOTIATE ANYTHING WITH ANYONE AN a(3rd ed.) c2008aNew YorkbAMACOM axii, : 307 : p. : cm. ; 22 cb25